Brand Logos That Are Yellow - Statistics

General Stats
  • This quiz has been taken 111 times
  • The average score is 13 of 20
Answer Stats
Picture Answer % Correct
McDonald's
100%
Pokémon
99%
Lay's
98%
Snapchat
98%
Batman
97%
Los Angeles Lakers
92%
Reese's
90%
Scuderia Ferrari
89%
National Geographic
88%
Best Buy
73%
Rockstar Games
56%
Nirvana
55%
IMDb
54%
Chupa Chups
52%
Nikon
42%
DHL
40%
Pirelli
40%
Maggi
38%
Bumble
32%
EE
16%
No matching quizzes found
Score Distribution
Percent of People with Each Score
Percentile by Number Answered
Your Score History
You have not taken this quiz